[Event "Biel Chess Festival 2024 - Amateur tournament"]
[Site "Biel/Bienne"]
[Date "2024.07.24"]
[Round "8"]
[Board "1"]
[White "Kulikov, Mikhail L"]
[Black "Nasybullina, Alfia"]
[Result "0-1"]
[WhiteElo "1947"]
[BlackElo "1997"]
[PlyCount "0"]
[EventDate "2024.07.16"]
[EventRounds "9"]
[EventCountry "SUI"]

1. e4 d5 2. exd5 Qxd5 3. d4 e5 4. Nf3 Bg4 5. Be2 exd4 6. Nc3 Bb4 7. O-O Qd8 8. Nb5
Ne7 9. Bf4 Ba5 10. Nbxd4 O-O 11. h3 Bxf3 12. Bxf3 c6 13. c3 Nd5 14. Bg3 Bb6 15. Nb3
Qg5 16. Kh2 Rd8 17. Qc1 Qxc1 18. Raxc1 Na6 19. Rfe1 Kf8 20. a3 Nc5 21. Nxc5 Bxc5
22. Rcd1 Nb6 23. b4 Be7 24. Be5 Rxd1 25. Bxd1 Re8 26. Bb3 Nc8 27. Rd1 Rd8 28. Rxd8+
Bxd8 29. g4 f6 30. Bd4 Bb6 31. Kg3 Bxd4 32. cxd4 Nd6 33. Kf4 Nb5 34. d5 Nxa3 35.
Ke4 Nb5 36. dxc6 bxc6 37. f4 Ke7 38. h4 Kd6 39. g5 Nc3+ 40. Kf5 Nd5 41. h5 Ne7+ 42.
Ke4 h6 43. gxh6 gxh6 44. Bc4 c5 45. b5 f5+ 46. Ke3 Nd5+ 47. Kf3 Nf6 48. Bd3 Ke6 49.
Bc4+ Nd5 50. Ke2 Kd6 51. Kf3 Nc7 52. Ke3 Ne6 53. Kf3 Ng7 54. Bf7 Kc7 55. Ke3 Kb6
56. Kd3 Kxb5 57. Kc3 Kc6 58. Kb3 Kd6 59. Kc4 Ne6 60. Bg6 Nxf4 61. Bxf5 Nxh5 62. Be4
Ng3 63. Bf3 h5 64. Kb5 h4 65. Bg2 Ne2 66. Kc4 Nf4 67. Bf3 h3 68. Bg4 h2 69. Bf3 Ne2
70. Kd3 Ng3 71. Kc4 h1=Q 72. Bxh1 Nxh1 73. Kc3 Kd5 74. Kd3 Nf2+  0-1

[Event "Biel Chess Festival 2024 - Amateur tournament"]
[Site "Biel/Bienne"]
[Date "2024.07.24"]
[Round "8"]
[Board "4"]
[White "Meshach, Felix"]
[Black "Jud, Marc"]
[Result "0-1"]
[WhiteElo "1773"]
[BlackElo "1925"]
[PlyCount "0"]
[EventDate "2024.07.16"]
[EventRounds "9"]
[EventCountry "SUI"]

1. e4 c5 2. Nc3 d6 3. f4 Nc6 4. Nf3 e6 5. Bc4 Nf6 6. Bb3 Be7 7. d3 a6 8. a4 Qc7 9.
O-O b6 10. f5 exf5 11. Ng5 Ne5 12. Nd5 Nxd5 13. Bxd5 Bb7 14. Bxb7 Qxb7 15. Rxf5 Bxg5
16. Rxg5 f6 17. Rg3 O-O-O 18. Bf4 h5 19. Bxe5 dxe5 20. Qe2 Qd7 21. Qe3 Rhg8 22. Rh3
Rh8 23. Rg3 a5 24. b4 axb4 25. a5 Qa7 26. Rxg7 Qxg7 27. axb6 Qf8 28. Ra5 Kb7 29.
Rxc5 Rd4  0-1

[Event "Biel Chess Festival 2024 - Amateur tournament"]
[Site "Biel/Bienne"]
[Date "2024.07.24"]
[Round "8"]
[Board "5"]
[White "Noh, Jinwoo"]
[Black "Aegerter, Fabrice"]
[Result "1-0"]
[WhiteElo "1812"]
[BlackElo "1917"]
[PlyCount "0"]
[EventDate "2024.07.16"]
[EventRounds "9"]
[EventCountry "SUI"]

1. e4 e5 2. Bc4 Nf6 3. d3 Nc6 4. Nc3 Bb4 5. Ne2 d5 6. exd5 Nxd5 7. O-O Be6 8. Bxd5
Bxd5 9. f4 Be6 10. f5 Bd7 11. Ne4 f6 12. a3 Ba5 13. c4 b5 14. b4 Nxb4 15. axb4 Bxb4
16. N2c3 bxc4 17. dxc4 O-O 18. Nd5 c5 19. Ra6 Bc8 20. Rd6 Qa5 21. Qh5 Bb7 22. Nexf6+
 1-0

[Event "Biel Chess Festival 2024 - Amateur tournament"]
[Site "Biel/Bienne"]
[Date "2024.07.24"]
[Round "8"]
[Board "20"]
[White "Hansen, Michael Bo"]
[Black "Keymer, Cecilia"]
[Result "0-1"]
[WhiteElo "1747"]
[BlackElo "1865"]
[PlyCount "0"]
[EventDate "2024.07.16"]
[EventRounds "9"]
[EventCountry "SUI"]

1. d4 d5 2. c4 c6 3. cxd5 cxd5 4. Bg5 f6 5. Bd2 Nc6 6. e3 Bf5 7. Nc3 e6 8. Nh3 g5
9. g4 Bg6 10. f4 h6 11. Nf2 gxf4 12. exf4 Nxd4 13. Qa4+ Nc6 14. Bb5 Ne7 15. Ne2 a6
16. Bxc6+ Nxc6 17. Nd4 Qd7 18. Rc1 Nxd4 19. Qxd4 Kf7 20. Bc3 Bg7 21. g5 hxg5 22.
Ng4 e5 23. fxe5 Qe6 24. Nxf6 Rh4 25. Qd2 Bxf6 26. O-O Rg4+ 27. Kf2 Rf4+ 28. Qxf4
gxf4 29. exf6 Qe3+ 30. Kg2 Be4+  0-1

[Event "Biel Chess Festival 2024 - Amateur tournament"]
[Site "Biel/Bienne"]
[Date "2024.07.24"]
[Round "8"]
[Board "21"]
[White "Bracher, Juerg"]
[Black "Suwendo, Poedjo"]
[Result "1-0"]
[WhiteElo "1864"]
[BlackElo "1727"]
[PlyCount "0"]
[EventDate "2024.07.16"]
[EventRounds "9"]
[EventCountry "SUI"]

1. d4 Nf6 2. Bf4 d6 3. e3 c6 4. h3 Nbd7 5. Nf3 Nd5 6. Bh2 b5 7. Bd3 g6 8. O-O Bg7
9. c3 Bb7 10. a4 a6 11. Nbd2 O-O 12. Qe2 bxa4 13. Rxa4 a5 14. Rfa1 f5 15. Ng5 Rf6
16. e4 h6 17. e5 hxg5 18. exf6 Bxf6 19. Qe6+ Kg7 20. Nc4 Nf8 21. Qe2 Nb6 22. Nxb6
Qxb6 23. b4 c5 24. bxa5 Qc6 25. f3 cxd4 26. a6 Bc8 27. cxd4 Ne6 28. Kh1 Nxd4 29.
Rxd4 Bxd4 30. Qxe7+ Kh6 31. Re1 Bxa6 32. h4 Ra7 33. Qxg5+ Kh7 34. h5 d5 35. hxg6+
Kg7 36. Bxf5 Qf6 37. Qh5 Kf8 38. Qh6+ Qg7 39. Bd6+  1-0

[Event "Biel Chess Festival 2024 - Amateur tournament"]
[Site "Biel/Bienne"]
[Date "2024.07.24"]
[Round "8"]
[Board "26"]
[White "Panda, Gyorgy"]
[Black "Cardoso Rodrigues, Michael"]
[Result "0-1"]
[WhiteElo "1713"]
[BlackElo "1796"]
[PlyCount "0"]
[EventDate "2024.07.16"]
[EventRounds "9"]
[EventCountry "SUI"]

1. d4 f5 2. c4 Nf6 3. Nf3 d6 4. g3 e6 5. Bg2 Be7 6. O-O O-O 7. b3 Ne4 8. Ba3 Nc6
9. b4 a6 10. b5 axb5 11. cxb5 Na5 12. Qd3 c5 13. bxc6 bxc6 14. Nfd2 Ba6 15. Qf3 Bb7
16. Nxe4 c5 17. dxc5 Bxe4 18. Qe3 Nc4 19. Qb3 d5 20. Bb4 Bf6 21. Bc3 Rb8 22. Bxf6
Qxf6 23. Qc3 Rxb1 24. Qxf6 Rxf1+ 25. Rxf1 gxf6  0-1

[Event "Biel Chess Festival 2024 - Amateur tournament"]
[Site "Biel/Bienne"]
[Date "2024.07.24"]
[Round "8"]
[Board "32"]
[White "Kern, Beat"]
[Black "Harte, Bernd"]
[Result "1-0"]
[WhiteElo "1717"]
[BlackElo "1592"]
[PlyCount "0"]
[EventDate "2024.07.16"]
[EventRounds "9"]
[EventCountry "SUI"]

1. d4 d5 2. Nf3 Nc6 3. e3 Bf5 4. Bd3 Bxd3 5. Qxd3 e6 6. a3 Nf6 7. c4 a5 8. Nc3 Be7
9. O-O O-O 10. b3 b6 11. e4 dxe4 12. Nxe4 Rc8 13. Bb2 Qd7 14. Rad1 Nxe4 15. Qxe4
Qe8 16. Rfe1 Nd8 17. d5 Bd6 18. Qg4 g6 19. Bf6 Be7 20. Qg5 h6 21. Qe5 Kh7 22. Rd3
Rg8 23. Ng5+  1-0